000 ncm a22 a 4500
999 _c351714
_d351714
003 BLK
005 20200612084928.0
008 200406b bu ||||| |||| 00| 0 bu d
040 _aBLK
041 _aBUL
_cBUL
080 _aКамерна вок. муз. Песни, балади, арии, романси
_b784.3
_z784.3
139 _aТрио и квартеты русских композиторов
_bТ 83
245 _aТрио и квартеты русских композиторов
_bБез сопровождения и в сопровождении фортепиано
260 _9402764
_aМосква
_bМузыка
_c1981
300 _a40 с.
_c29 см
380 _a7
505 _rА. Даромыжский
_tНочевала тучка золотая
852 _bИП
_c784/Т 83
852 _bЦб
_aЦб М II 9335
942 _cNOT
_n0
_s1
944 _aCR
_c2020-04-06
_kК.Д.
999 _d351714
999 _d351714
999 _d351714
999 _d351714